| 000 | 01380nam a2200349Ia 4500 | ||
|---|---|---|---|
| 001 | ebr10392362 | ||
| 003 | CaPaEBR | ||
| 006 | m u | ||
| 007 | cr cn||||||||| | ||
| 008 | 091020s2010 mau s 000 0 eng d | ||
| 010 | _z 2009042841 | ||
| 020 | _z9780807021675 (hardcover : alk. paper) | ||
| 020 | _z0807021679 (hardcover : alk. paper) | ||
| 040 |
_aCaPaEBR _cCaPaEBR |
||
| 035 | _a(OCoLC)649473766 | ||
| 050 | 1 | 4 |
_aGV944.U6 _bW55 2010eb |
| 082 | 0 | 4 |
_a796.334/620979537 _222 |
| 100 | 1 |
_aWilson, Steve, _d1966- |
|
| 245 | 1 | 4 |
_aThe boys from little Mexico _h[electronic resource] : _ba season chasing the American dream / _cSteve Wilson. |
| 260 |
_aBoston : _bBeacon Press, _cc2010. |
||
| 300 | _axiv, 225 p. | ||
| 533 |
_aElectronic reproduction. _bPalo Alto, Calif. : _cebrary, _d2010. _nAvailable via World Wide Web. _nAccess may be limited to ebrary affiliated libraries. |
||
| 610 | 2 | 0 | _aWoodburn High School (Woodburn, Or.) |
| 650 | 0 |
_aSoccer _zOregon _zWoodburn. |
|
| 650 | 0 |
_aSchool sports _zOregon _zWoodburn. |
|
| 650 | 0 |
_aSoccer _xSocial aspects _zOregon _zWoodburn. |
|
| 650 | 0 |
_aSoccer players _zMexico. |
|
| 650 | 0 |
_aIllegal aliens _zOregon. |
|
| 655 | 7 |
_aElectronic books. _2local |
|
| 710 | 2 | _aebrary, Inc. | |
| 856 | 4 | 0 |
_uhttp://site.ebrary.com/lib/rucke/Doc?id=10392362 _zAn electronic book accessible through the World Wide Web; click to view |
| 999 |
_c191620 _d191620 |
||